[Event "Quebec-ch qual 2"]
[Site "Montreal"]
[Date "2001.05.25"]
[Round "1"]
[White "Ouellet Leveille, Clement"]
[Black "Fecteau, Denis"]
[Result "1-0"]
[WhiteElo "1904"]
[BlackElo "1504"]
[PlyCount "87"]
[EventDate "2001.05.25"]
[EventType "swiss"]
[EventRounds "5"]
[EventCountry "CAN"]
[SourceTitle "EXT 2022"]
[Source "ChessBase"]
[SourceDate "2021.10.06"]
[SourceVersion "1"]
[SourceVersionDate "2021.10.06"]
[SourceQuality "1"]

1. e4 d6 2. d4 Nf6 3. Nc3 g6 4. Nf3 Bg7 5. Bf4 c6 6. Qd2 0-0 7. 0-0-0 b5 8. e5 b4 9. exf6 bxc3 10. Qxc3 Bxf6 11. Bc4 Qb6 12. Bg5 Nd7 13. Rhe1 e6 14. Bxf6 Nxf6 15. Ng5 d5 16. Qf3 Kg7 17. Bf1 Rb8 18. Qa3 Qb4 19. Qxb4 Rxb4 20. f3 Ra4 21. a3 Ba6 22. Bxa6 Rxa6 23. Rd3 Rb8 24. Nh3 Rab6 25. b3 a5 26. Nf2 h5 27. Nd1 Nd7 28. Nc3 Rc8 29. Na4 Rb5 30. Rc3 c5 31. dxc5 Nxc5 32. b4 axb4 33. axb4 Nxa4 34. Rxc8 Rxb4 35. Re3 Rb7 36. Rb3 Rd7 37. Rb4 Ra7 38. Kd2 e5 39. c3 Kf6 40. Rb5 d4 41. cxd4 exd4 42. Rc6+ Ke7 43. Rb4 Kd7 44. Rcc4 1-0